000 00243 a2200109 4500
245 _aCours d'endocrinologie : D.C.E.M.3
100 _aMonnier
260 _c1986
300 _a128 p.
999 _c16688
_d16688